[Event "Titled Tue 24th Jun Early"]
[Site "chess.com INT"]
[Date "2025.06.24"]
[Round "11"]
[White "Kobalia, Mikhail"]
[Black "Omariev, Maksim"]
[Result "1-0"]
[WhiteTitle "GM"]
[BlackTitle "FM"]
[WhiteElo "2538"]
[BlackElo "2304"]
[WhiteFideId "4119150"]
[BlackFideId "4193423"]
[EventDate "2025.06.24"]

1. c4 e5 2. e3 Nf6 3. Nc3 Nc6 4. Nf3 Bb4 5. Qc2 O-O 6. Nd5 Re8 7. b3 Bf8 8. Bb2
Nxd5 9. cxd5 Nb4 10. Qe4 c6 11. dxc6 bxc6 12. a3 d5 13. Qb1 Na6 14. Nxe5 Qb6 15.
Bd3 h6 16. Bh7+ Kh8 17. Nxf7# 1-0

[Event "Titled Tue 24th Jun Early"]
[Site "chess.com INT"]
[Date "2025.06.24"]
[Round "11"]
[White "Logozar, Elijah"]
[Black "Ugarte Soto, Cesar"]
[Result "0-1"]
[BlackTitle "CM"]
[WhiteElo "1928"]
[BlackElo "2088"]
[WhiteFideId "30963788"]
[BlackFideId "3601331"]
[EventDate "2025.06.24"]

1. e4 c5 2. Nf3 d6 3. d4 cxd4 4. Nxd4 Nf6 5. Nc3 g6 6. Bc4 Qc7 7. Bb3 a6 8. f3
Bg7 9. Be3 h5 10. Qd2 Nbd7 11. O-O-O b5 12. Kb1 Bb7 13. Rhe1 Nb6 14. Nd5 Bxd5
15. exd5 O-O 16. Nc6 Rfe8 17. Nxe7+ Rxe7 18. Bxb6 Qb7 19. Rxe7 Qxe7 20. Re1 Qb7
21. Bd4 a5 22. a3 a4 23. Ba2 Rb8 24. c3 Kh7 25. Qf4 Nxd5 26. Bxd5 Qxd5 27. Qxf7
Qxf7 0-1

[Event "Titled Tue 24th Jun Early"]
[Site "chess.com INT"]
[Date "2025.06.24"]
[Round "11"]
[White "Yang, Daniel"]
[Black "Mafra, Kaiser Luiz"]
[Result "1-0"]
[WhiteTitle "CM"]
[BlackTitle "CM"]
[WhiteElo "2198"]
[BlackElo "2076"]
[WhiteFideId "30976340"]
[BlackFideId "2106698"]
[EventDate "2025.06.24"]

1. Nf3 Nf6 2. g3 g6 3. Bg2 Bg7 4. O-O O-O 5. d3 d6 6. e4 e5 7. c3 c5 8. Re1 h6
9. d4 cxd4 10. cxd4 Nc6 11. h3 Kh7 12. Nc3 exd4 13. Nxd4 a6 14. Be3 Qe7 15. Qd2
Ne5 16. b3 Rd8 17. Rad1 Be6 18. Nd5 Bxd5 19. exd5 Rac8 20. Kh2 Qd7 21. f4 Neg4+
22. hxg4 Nxg4+ 23. Kg1 Nxe3 24. Rxe3 Qg4 25. Kh2 Re8 26. Rde1 Rxe3 27. Rxe3 h5
28. Bh3 1-0

[Event "Titled Tue 24th Jun Early"]
[Site "chess.com INT"]
[Date "2025.06.24"]
[Round "11"]
[White "Aradhya, Garg"]
[Black "Puzyrevsky, Semyon"]
[Result "1-0"]
[WhiteTitle "IM"]
[BlackTitle "FM"]
[WhiteElo "2370"]
[BlackElo "2292"]
[WhiteFideId "25006746"]
[BlackFideId "24240931"]
[EventDate "2025.06.24"]

1. d4 Nf6 2. c4 e6 3. Nf3 d5 4. Nc3 c6 5. e3 Nbd7 6. Qc2 Bd6 7. Bd3 dxc4 8. Bxc4
O-O 9. e4 e5 10. Bg5 Qa5 11. Bxf6 Nxf6 12. dxe5 Bxe5 13. Nxe5 Qxe5 14. O-O-O a5
15. Kb1 a4 16. Rdf1 b5 17. f4 Qc5 18. Bd3 Ng4 19. e5 Ne3 20. Qf2 a3 21. Re1 axb2
22. Rxe3 Be6 23. Bxh7+ Kh8 24. Bc2 Qa3 25. Qh4+ Kg8 26. Qh7# 1-0

[Event "Titled Tue 24th Jun Early"]
[Site "chess.com INT"]
[Date "2025.06.24"]
[Round "11"]
[White "Sapocinic, Semion"]
[Black "King, Alexander"]
[Result "1-0"]
[WhiteTitle "FM"]
[BlackTitle "FM"]
[WhiteElo "2296"]
[BlackElo "2263"]
[WhiteFideId "13908693"]
[BlackFideId "2063620"]
[EventDate "2025.06.24"]

1. Nf3 d5 2. g3 c5 3. Bg2 Nc6 4. O-O Nf6 5. d4 cxd4 6. Nxd4 e5 7. Nxc6 bxc6 8.
c4 Be6 9. Nc3 Rc8 10. cxd5 cxd5 11. Bg5 d4 12. Ne4 Be7 13. Nxf6+ gxf6 14. Bh6
Bf8 15. Bxf8 Kxf8 16. Rc1 h5 17. Qa4 Rxc1 18. Rxc1 Qb6 19. b3 h4 20. Qc6 Qa5 21.
Qc5+ Qxc5 22. Rxc5 Ke7 23. Rc7+ Kd6 24. Rxa7 h3 25. Ra8 Kc5 26. Rxh8 1-0

[Event "Titled Tue 24th Jun Early"]
[Site "chess.com INT"]
[Date "2025.06.24"]
[Round "11"]
[White "Khoo-Thwe, Louis"]
[Black "Pontes, Luiz Felizola Lima"]
[Result "1-0"]
[WhiteTitle "CM"]
[WhiteElo "2214"]
[BlackElo "2062"]
[WhiteFideId "1538756"]
[BlackFideId "44709919"]
[EventDate "2025.06.24"]

1. e4 e5 2. Nf3 Nc6 3. Bc4 Bc5 4. c3 Nf6 5. d3 a6 6. Nbd2 Ba7 7. Nf1 d6 8. Bb3
b5 9. Ng3 O-O 10. Bg5 h6 11. Bh4 Bg4 12. Qd2 Bxf3 13. gxf3 g5 14. Bxg5 hxg5 15.
Qxg5+ Kh8 16. Nh5 Bxf2+ 17. Ke2 Nxh5 18. Qxh5+ Kg7 19. Rhg1+ Bxg1 20. Rxg1+ Kf6
21. Qg5# 1-0

[Event "Titled Tue 24th Jun Early"]
[Site "chess.com INT"]
[Date "2025.06.24"]
[Round "11"]
[White "Miranda Camus, Joaquin Ignacio"]
[Black "Brown, Akeem"]
[Result "0-1"]
[WhiteTitle "FM"]
[BlackTitle "CM"]
[WhiteElo "2196"]
[BlackElo "2055"]
[WhiteFideId "3449300"]
[BlackFideId "7402023"]
[EventDate "2025.06.24"]

1. e4 e5 2. Nf3 Nc6 3. Bc4 Nf6 4. Ng5 d5 5. exd5 Na5 6. Bb5+ c6 7. dxc6 bxc6 8.
Bd3 Be7 9. Qe2 O-O 10. Qxe5 Bd6 11. Qc3 Re8+ 12. Kd1 Ng4 13. Bxh7+ Kf8 14. Nh3
Qh4 15. Bd3 Qxh3 0-1

[Event "Titled Tue 24th Jun Early"]
[Site "chess.com INT"]
[Date "2025.06.24"]
[Round "11"]
[White "Kawka, Milena"]
[Black "Al-Tarboush, Ward"]
[Result "1/2-1/2"]
[WhiteTitle "WCM"]
[BlackTitle "FM"]
[WhiteElo "2003"]
[BlackElo "2223"]
[WhiteFideId "21095167"]
[BlackFideId "7601450"]
[EventDate "2025.06.24"]

1. Nf3 Nf6 2. e3 b6 3. b3 Bb7 4. Bb2 e6 5. d4 Be7 6. Bd3 O-O 7. O-O c5 8. Nbd2
cxd4 9. exd4 d6 10. c4 Nbd7 11. Qe2 e5 12. dxe5 dxe5 13. Rad1 Re8 14. Ne4 Qc7
15. Nxf6+ Bxf6 16. Be4 Bxe4 17. Qxe4 Nc5 18. Qf5 e4 19. Bxf6 exf3 20. Bxg7 Kxg7
21. Qg5+ Kf8 22. Qh6+ Ke7 23. Qg5+ Kf8 24. Qh6+ Kg8 25. Qg5+ Kh8 26. Qf6+ Kg8
27. Qg5+ Kh8 28. Qf6+ Kg8 29. Qg5+ 1/2-1/2

[Event "Titled Tue 24th Jun Early"]
[Site "chess.com INT"]
[Date "2025.06.24"]
[Round "11"]
[White "Gruzman, Ilya"]
[Black "Swara Lakshmi S Nair"]
[Result "0-1"]
[WhiteTitle "CM"]
[BlackTitle "WCM"]
[WhiteElo "2165"]
[BlackElo "2187"]
[WhiteFideId "2812703"]
[BlackFideId "25629239"]
[EventDate "2025.06.24"]

1. d4 Nf6 2. c4 g6 3. Nc3 d5 4. cxd5 Nxd5 5. e4 Nxc3 6. bxc3 Bg7 7. Nf3 c5 8.
Be3 Nc6 9. Qd2 Qa5 10. Rc1 cxd4 11. cxd4 Qxd2+ 12. Kxd2 O-O 13. d5 Rd8 14. Kc2
Ne5 15. Bc5 e6 16. Nxe5 Bxe5 17. Bb5 exd5 18. Be7 Be6 19. Bxd8 Rxd8 20. exd5
Rxd5 21. Bd3 Rc5+ 22. Kb1 Rd5 23. Bc4 Bf5+ 24. Rc2 Rd2 25. Bb3 Rxf2 26. Rd1 Rxg2
27. Rd7 Rg1+ 0-1

[Event "Titled Tue 24th Jun Early"]
[Site "chess.com INT"]
[Date "2025.06.24"]
[Round "11"]
[White "Shubenkova, Veronika"]
[Black "Domin, Yan"]
[Result "1-0"]
[WhiteTitle "WFM"]
[BlackTitle "FM"]
[WhiteElo "2031"]
[BlackElo "2222"]
[WhiteFideId "44124040"]
[BlackFideId "34169342"]
[EventDate "2025.06.24"]

1. d4 Nf6 2. e3 g6 3. Nf3 Bg7 4. Be2 O-O 5. O-O d6 6. b3 Nbd7 7. Bb2 e5 8. dxe5
Ng4 9. Nbd2 Ngxe5 10. Qc1 Re8 11. Nxe5 Nxe5 12. Nf3 Bg4 13. Bxe5 dxe5 14. e4 Qe7
15. Rd1 Red8 16. Qe3 a6 17. h3 Be6 18. c3 Bf6 19. Rxd8+ Rxd8 20. Rd1 Rxd1+ 21.
Bxd1 Kg7 22. Be2 Qa3 23. Qd2 Qc5 24. Qe3 Qxe3 25. fxe3 Kf8 26. Kf2 Ke7 27. Ke1
Kd6 28. Kd2 h5 29. Kd3 Be7 30. Nd2 Kc5 31. Bd1 Bf6 32. b4+ Kd6 33. Bb3 Bxb3 34.
Nxb3 Kc6 35. a4 Be7 36. Na5+ Kd7 37. Nxb7 f5 38. exf5 gxf5 39. e4 Ke6 40. Na5
Kf6 41. Nc6 Bd6 42. Nb8 Kg5 43. Nxa6 Kf4 44. exf5 Kxf5 45. Nc5 Kf4 46. Ne4 1-0

[Event "Titled Tue 24th Jun Early"]
[Site "chess.com INT"]
[Date "2025.06.24"]
[Round "11"]
[White "Nicot, Valentin"]
[Black "Khanbutaev, Artemii"]
[Result "0-1"]
[WhiteTitle "CM"]
[WhiteElo "2206"]
[BlackElo "2139"]
[WhiteFideId "651002477"]
[BlackFideId "55747175"]
[EventDate "2025.06.24"]

1. d4 Nf6 2. Nf3 d5 3. c4 e6 4. g3 dxc4 5. Bg2 c6 6. O-O b5 7. a4 Bb7 8. b3 cxb3
9. Qxb3 a6 10. axb5 cxb5 11. Nc3 Be7 12. Ba3 O-O 13. Rfd1 Nbd7 14. Bb2 Nb6 15.
Rac1 b4 16. Na4 Bd5 17. Qc2 b3 0-1

[Event "Titled Tue 24th Jun Early"]
[Site "chess.com INT"]
[Date "2025.06.24"]
[Round "11"]
[White "Brancaleoni, Maurizio"]
[Black "Subramanian, Anusha"]
[Result "0-1"]
[WhiteTitle "FM"]
[BlackTitle "WFM"]
[WhiteElo "2185"]
[BlackElo "2045"]
[WhiteFideId "803022"]
[BlackFideId "477710"]
[EventDate "2025.06.24"]

1. Nf3 d5 2. d4 Nf6 3. c4 c6 4. cxd5 cxd5 5. Nc3 Nc6 6. Bf4 a6 7. Rc1 e6 8. e3
Bd6 9. Bxd6 Qxd6 10. Be2 O-O 11. O-O b5 12. e4 dxe4 13. Nxe4 Nxe4 14. Bd3 Nf6
15. Re1 Bb7 16. a3 Rfd8 17. Bb1 Nxd4 18. Ne5 Qd5 19. f3 Nc6 20. Qe2 Nxe5 21.
Qxe5 Qxe5 22. Rxe5 Rd2 23. Rc7 Bd5 24. Be4 Bxe4 25. Rec5 h6 26. Rc8+ Rxc8 27.
Rxc8+ Kh7 28. fxe4 Nxe4 29. h3 Rxb2 30. Rc7 Kg6 31. Rc6 Ra2 32. Rxa6 b4 33. Ra4
b3 34. Rxe4 b2 35. Rb4 Ra1+ 36. Kh2 b1=Q 37. Rxb1 Rxb1 0-1

[Event "Titled Tue 24th Jun Early"]
[Site "chess.com INT"]
[Date "2025.06.24"]
[Round "11"]
[White "Yushko, Olga"]
[Black "Mostertman, Milan"]
[Result "0-1"]
[WhiteTitle "WFM"]
[BlackTitle "FM"]
[WhiteElo "2033"]
[BlackElo "2231"]
[WhiteFideId "14114500"]
[BlackFideId "1025848"]
[EventDate "2025.06.24"]

1. d4 Nf6 2. c4 e5 3. dxe5 Ng4 4. Nf3 Bc5 5. e3 Nc6 6. Be2 Kf8 7. O-O a5 8. Nc3
Ngxe5 9. Ne4 Ba7 10. b3 d6 11. Ba3 Bf5 12. Nxe5 Bxe4 13. Nxc6 Bxc6 14. Bf3 h5
15. Bxc6 bxc6 16. Qf3 Qd7 17. Bb2 Rh6 18. h3 Bc5 19. Rad1 a4 20. Bc3 axb3 21.
axb3 Rb8 22. Rb1 Bb4 23. Bd4 c5 24. Bb2 h4 25. Qf4 Re8 26. Qg5 f6 27. Qf4 Qc6
28. Rfd1 Rg6 29. Rxd6 Qxg2# 0-1

[Event "Titled Tue 24th Jun Early"]
[Site "chess.com INT"]
[Date "2025.06.24"]
[Round "11"]
[White "Salonen, Aku"]
[Black "Xalmatov, Yakubjon"]
[Result "1-0"]
[WhiteTitle "FM"]
[BlackTitle "CM"]
[WhiteElo "2330"]
[BlackElo "2096"]
[WhiteFideId "517577"]
[BlackFideId "14201615"]
[EventDate "2025.06.24"]

1. e4 e5 2. Nf3 Nc6 3. Bb5 a6 4. Ba4 Nf6 5. d3 b5 6. Bb3 Be7 7. a4 Rb8 8. axb5
axb5 9. O-O d6 10. Nc3 h6 11. Nd5 O-O 12. c3 Bd7 13. Be3 Ra8 14. Rxa8 Qxa8 15.
Nxc7 Qb7 16. Nd5 Bd8 17. Re1 Na5 18. Nxf6+ Bxf6 19. Bd5 Bc6 20. b4 Bxd5 21. exd5
Qxd5 22. bxa5 Ra8 23. Bb6 g5 24. Nd2 Qxd3 25. Ne4 Qxd1 26. Nxf6+ Kg7 27. Rxd1
Kxf6 28. Rxd6+ Kf5 29. f3 f6 30. g4+ Kg6 31. Kf2 Rc8 32. a6 Rxc3 33. a7 Rc2+ 34.
Ke1 Ra2 35. Rd8 b4 36. a8=Q Rxa8 37. Rxa8 h5 38. h3 hxg4 39. hxg4 b3 40. Bd8 f5
41. Ra6+ Kf7 42. Bxg5 fxg4 43. fxg4 e4 44. Rb6 e3 45. Bxe3 b2 46. Rxb2 Ke6 47.
Rb5 Kf7 48. Rb6 Ke7 49. g5 Kd7 50. g6 Kc7 51. g7 Kd7 52. g8=Q Kc7 53. Qg3+ Kd8
54. Qd6+ Ke8 55. Qe6+ Kf8 56. Bh6# 1-0

[Event "Titled Tue 24th Jun Early"]
[Site "chess.com INT"]
[Date "2025.06.24"]
[Round "11"]
[White "Emeliantsev, Anatoliy"]
[Black "Zdorov, Egor Vit"]
[Result "0-1"]
[WhiteTitle "FM"]
[BlackTitle "CM"]
[WhiteElo "2359"]
[BlackElo "2101"]
[WhiteFideId "4160681"]
[BlackFideId "55688560"]
[EventDate "2025.06.24"]

1. d4 Nf6 2. c4 e6 3. Nc3 Bb4 4. a3 Bxc3+ 5. bxc3 c5 6. e3 Nc6 7. Bd3 O-O 8. f4
d5 9. Nf3 b6 10. O-O Ba6 11. Ne5 Nxe5 12. fxe5 Ne4 13. cxd5 Bxd3 14. Qxd3 exd5
15. c4 Rc8 16. cxd5 Qxd5 17. Rf4 f5 18. exf6 Nxf6 19. Bb2 c4 20. Qc2 c3 21. Bxc3
Qc4 22. Rc1 Nd5 23. Rxf8+ Rxf8 24. Bd2 Rf1+ 0-1

[Event "Titled Tue 24th Jun Early"]
[Site "chess.com INT"]
[Date "2025.06.24"]
[Round "11"]
[White "Suarez, Sebastian"]
[Black "Harriott, Tyrell"]
[Result "0-1"]
[WhiteElo "2161"]
[BlackElo "1924"]
[WhiteFideId "30979080"]
[BlackFideId "2086484"]
[EventDate "2025.06.24"]

1. g3 d5 2. Bg2 e6 3. d4 f5 4. c4 c6 5. Nc3 Nf6 6. Nf3 Bd6 7. O-O O-O 8. Bf4
Bxf4 9. gxf4 Nbd7 10. Ne5 Nxe5 11. dxe5 Ne4 12. Bxe4 fxe4 13. e3 Qh4 14. Kh1 b6
15. f3 Ba6 16. fxe4 Bxc4 17. Rg1 Rad8 18. Qe1 Qh6 19. exd5 cxd5 20. Ne2 d4 21.
Nxd4 Bd5+ 22. e4 Bb7 23. Rg3 Rxd4 0-1

[Event "Titled Tue 24th Jun Early"]
[Site "chess.com INT"]
[Date "2025.06.24"]
[Round "11"]
[White "Ilinca, Felix-Antonio"]
[Black "Gong, Qianyun"]
[Result "1-0"]
[WhiteTitle "IM"]
[BlackTitle "WGM"]
[WhiteElo "2431"]
[BlackElo "2228"]
[WhiteFideId "54764998"]
[BlackFideId "8602425"]
[EventDate "2025.06.24"]

1. b3 e5 2. Bb2 Nc6 3. Nf3 d6 4. d4 e4 5. d5 Nce7 6. Ng5 Bf5 7. Nc3 e3 8. fxe3
Ng6 9. Nf3 Nf6 10. Qd4 Bxc2 11. e4 Qe7 12. Nd2 Ng4 13. Rc1 Qh4+ 14. g3 Qh6 15.
Rxc2 N6e5 16. Nf3 Ne3 17. Rd2 N5g4 18. h3 Nxf1 19. Kxf1 Be7 20. Nb5 Bf6 21. e5
Nxe5 22. Qf4 Qxf4 23. gxf4 Nxf3 24. exf3 Kd7 25. Bxf6 gxf6 26. Kf2 1-0

[Event "Titled Tue 24th Jun Early"]
[Site "chess.com INT"]
[Date "2025.06.24"]
[Round "11"]
[White "Hernandez Leon, Sergio"]
[Black "Anakok, Deniz"]
[Result "0-1"]
[WhiteTitle "CM"]
[BlackTitle "CM"]
[WhiteElo "2102"]
[BlackElo "2058"]
[WhiteFideId "2285622"]
[BlackFideId "51603586"]
[EventDate "2025.06.24"]

1. e4 c5 2. Nc3 Nc6 3. Bb5 Nd4 4. Nf3 e6 5. O-O a6 6. Bd3 g6 7. Nxd4 cxd4 8. Ne2
Bg7 9. c3 d5 10. exd5 Qxd5 11. c4 Qd8 12. Ng3 Ne7 13. b3 O-O 14. Re1 e5 15. Ba3
f5 16. Bf1 Re8 17. d3 Nc6 18. Bc1 Be6 19. f4 Bf7 20. fxe5 Nxe5 21. h3 Qh4 22.
Nh1 Nf3+ 23. Qxf3 Rxe1 24. Bg5 Rxf1+ 0-1

[Event "Titled Tue 24th Jun Early"]
[Site "chess.com INT"]
[Date "2025.06.24"]
[Round "11"]
[White "Marchesich, Giovanni"]
[Black "Ejsymont, Blanka"]
[Result "0-1"]
[WhiteTitle "CM"]
[BlackTitle "WCM"]
[WhiteElo "2189"]
[BlackElo "1984"]
[WhiteFideId "2824790"]
[BlackFideId "21088268"]
[EventDate "2025.06.24"]

1. f3 e5 2. Nh3 d5 3. Nf2 Nc6 4. g3 Nf6 5. Bg2 Bc5 6. O-O O-O 7. d3 Bf5 8. Nc3
Bg6 9. e4 dxe4 10. fxe4 Bh5 11. Bf3 Bxf3 12. Qxf3 Nd4 13. Qd1 Qd7 14. Kg2 Ne6
15. Ng4 Nxg4 16. Qxg4 Qe7 17. Nd5 Qd8 18. Bh6 Kh8 19. Bd2 c6 20. Ne3 Qb6 21. Nc4
Qc7 22. b4 Be7 23. Rf5 Nd4 24. Rxe5 Bf6 25. Rf5 Nxf5 26. Qxf5 Bxa1 27. e5 Qc8
28. Qf4 Qe6 29. c3 Qd5+ 30. Kh3 Qxd3 31. Nd6 Kg8 32. Nf5 Bxc3 33. Qg5 Bxe5 34.
Bf4 Bf6 35. Nh6+ Kh8 36. Qxf6 gxf6 37. Bg5 fxg5 0-1

[Event "Titled Tue 24th Jun Early"]
[Site "chess.com INT"]
[Date "2025.06.24"]
[Round "11"]
[White "Oppezzo, Sebastian"]
[Black "Aranda, Juan Manuel"]
[Result "0-1"]
[BlackTitle "CM"]
[WhiteElo "2177"]
[BlackElo "2134"]
[WhiteFideId "112321"]
[BlackFideId "160458"]
[EventDate "2025.06.24"]

1. d4 d5 2. c4 Nf6 3. g3 dxc4 4. Bg2 e6 5. Nf3 Bb4+ 6. Bd2 Be7 7. Qa4+ c6 8.
Qxc4 O-O 9. O-O b6 10. Ne5 Ba6 11. Qc2 Bxe2 12. Re1 Ba6 13. Nxc6 Nxc6 14. Qxc6
Rc8 15. Qa4 Bd3 16. Nc3 a5 17. Rad1 Rc4 18. Qb3 Rb4 19. Qa3 Rxd4 20. Qb3 Rb4 21.
Qa3 Bc2 22. Nd5 Nxd5 23. Bxb4 axb4 0-1

[Event "Titled Tue 24th Jun Early"]
[Site "chess.com INT"]
[Date "2025.06.24"]
[Round "11"]
[White "Ochedzan, Filip"]
[Black "Castillo, Santiago"]
[Result "1-0"]
[WhiteTitle "CM"]
[WhiteElo "1983"]
[BlackElo "2163"]
[WhiteFideId "21892610"]
[BlackFideId "108936"]
[EventDate "2025.06.24"]

1. Nf3 Nf6 2. g3 g6 3. Bg2 Bg7 4. O-O O-O 5. d4 d6 6. c4 Bf5 7. Nc3 Ne4 8. Re1
Nxc3 9. bxc3 Be4 10. Nd2 Bxg2 11. Kxg2 c5 12. Nf3 Qa5 13. Bb2 Nc6 14. Qd3 Qa6
15. e4 Rac8 16. d5 Na5 17. Nd2 Rb8 18. a4 b6 19. h4 Rbe8 20. h5 e5 21. Rh1 Re7
22. Rae1 f5 23. hxg6 hxg6 24. exf5 gxf5 25. Rh5 e4 26. Qe3 Nxc4 27. Qe2 e3 28.
Nxc4 exf2 29. Qxe7 fxe1=Q 30. Qxe1 Qxc4 31. Qe6+ Rf7 32. Rxf5 Qa2 33. Qxf7+ Kh8
34. Rh5+ 1-0

[Event "Titled Tue 24th Jun Early"]
[Site "chess.com INT"]
[Date "2025.06.24"]
[Round "11"]
[White "Rushbrooke, Remy"]
[Black "Kislinsky, Alexey"]
[Result "0-1"]
[BlackTitle "GM"]
[WhiteElo "2090"]
[BlackElo "2341"]
[WhiteFideId "443590"]
[BlackFideId "14108801"]
[EventDate "2025.06.24"]

1. Nf3 d5 2. g3 Nf6 3. Bg2 e6 4. O-O Be7 5. d4 O-O 6. c4 c6 7. Nbd2 Nbd7 8. Qc2
b6 9. e4 dxe4 10. Nxe4 Nxe4 11. Qxe4 Bb7 12. Rd1 Qc8 13. Bf4 Re8 14. Rac1 c5 15.
d5 Nf6 16. Qe5 exd5 17. cxd5 Bf8 18. Qg5 h6 19. Qh4 Nxd5 20. Ne5 Nxf4 21. Qxf4
Re7 22. Bh3 Qc7 23. Re1 Rae8 24. Nd3 Qc6 25. f3 Qxf3 26. Qxf3 Bxf3 27. Rxe7 Rxe7
28. Kf2 Bd5 29. b3 g6 30. Nf4 Bb7 31. Bf1 Bg7 32. Bc4 Bd4+ 33. Kf1 Kg7 34. Nd5
Re5 35. Nf4 Bf3 36. Nd3 Re3 37. Ne1 Bg4 38. Rc2 Bh3+ 39. Kf2 Re5+ 40. Kf3 Rxe1 0-1

[Event "Titled Tue 24th Jun Early"]
[Site "chess.com INT"]
[Date "2025.06.24"]
[Round "11"]
[White "Adhiban, Baskaran"]
[Black "Dragnev, Valentin"]
[Result "0-1"]
[WhiteTitle "GM"]
[BlackTitle "GM"]
[WhiteElo "2509"]
[BlackElo "2547"]
[WhiteFideId "5018471"]
[BlackFideId "1634852"]
[EventDate "2025.06.24"]

1. e4 e5 2. Bc4 d6 3. Nf3 Nf6 4. Ng5 d5 5. exd5 h6 6. Nf3 e4 7. Qe2 Bc5 8. d4
Bb4+ 9. Bd2 Qe7 10. Ne5 O-O 11. O-O Nbd7 12. Nxd7 Bxd7 13. Nc3 Rad8 14. Rae1
Rfe8 15. Bb3 Qd6 16. h3 Bxc3 17. bxc3 Nxd5 18. c4 Nf4 19. Qe3 Ng6 20. c5 Qf6 21.
c4 Nh4 22. Bc3 Nf3+ 23. gxf3 exf3 0-1

[Event "Titled Tue 24th Jun Early"]
[Site "chess.com INT"]
[Date "2025.06.24"]
[Round "11"]
[White "Harshit, Ranjan Sahu"]
[Black "Giri, Anish"]
[Result "0-1"]
[WhiteTitle "CM"]
[BlackTitle "GM"]
[WhiteElo "2191"]
[BlackElo "2748"]
[WhiteFideId "25638815"]
[BlackFideId "24116068"]
[EventDate "2025.06.24"]

1. e4 c5 2. Nc3 a6 3. f4 b5 4. Nf3 Bb7 5. d3 e6 6. g3 Nf6 7. Bg2 b4 8. Ne2 Be7
9. O-O O-O 10. e5 Nd5 11. c4 bxc3 12. bxc3 Nc6 13. c4 Nc7 14. g4 d6 15. Bb2 Rb8
16. exd6 Bxd6 17. Qd2 Re8 18. Ng3 Ba8 19. Rab1 Bf8 20. Qc3 a5 21. Nh5 e5 22.
fxe5 Ne6 23. Rbe1 Re7 24. Nd2 Rd7 25. Re3 Qg5 26. Rg3 Ncd4 27. Bxa8 Ne2+ 28. Kf2
Nxc3 29. Bxc3 Rxa8 30. Ne4 Qd8 31. Ke3 Rxd3+ 0-1

[Event "Titled Tue 24th Jun Early"]
[Site "chess.com INT"]
[Date "2025.06.24"]
[Round "11"]
[White "Donoso Aguirre, Maximiliano"]
[Black "Vlassov, Nikolai"]
[Result "0-1"]
[WhiteTitle "CM"]
[BlackTitle "IM"]
[WhiteElo "2050"]
[BlackElo "2291"]
[WhiteFideId "3458920"]
[BlackFideId "4103360"]
[EventDate "2025.06.24"]

1. e4 Nc6 2. Nf3 d5 3. exd5 Qxd5 4. Nc3 Qa5 5. d4 Bg4 6. Be2 O-O-O 7. Be3 Nf6 8.
Qd2 e5 9. d5 Nxd5 10. Nxd5 Rxd5 11. Qxa5 Rxa5 12. Ng5 Bxe2 13. Kxe2 f5 14. c3
Be7 15. Nf3 f4 16. Bd2 e4 17. Nd4 Nxd4+ 18. cxd4 Rf5 19. Rhe1 Bf6 20. Bc3 f3+
21. Kf1 fxg2+ 22. Kxg2 Re8 23. Re2 Rg5+ 24. Kh1 Rd5 25. Rd1 c5 26. Red2 cxd4 27.
Bxd4 Red8 28. Be3 Rxd2 29. Rxd2 Rxd2 30. Bxd2 Bxb2 31. Kg2 Kd7 32. Kg3 Ke6 33.
Kf4 Kd5 34. Be3 a5 35. Kf5 b5 36. h4 b4 37. h5 a4 38. h6 gxh6 39. Bxh6 Bd4 0-1

[Event "Titled Tue 24th Jun Early"]
[Site "chess.com INT"]
[Date "2025.06.24"]
[Round "11"]
[White "Carroll, Thomas"]
[Black "Shuvalova, Polina"]
[Result "0-1"]
[BlackTitle "IM"]
[WhiteElo "2131"]
[BlackElo "2480"]
[WhiteFideId "450111"]
[BlackFideId "24171760"]
[EventDate "2025.06.24"]

1. d4 d5 2. c4 dxc4 3. Nc3 a6 4. a4 Nc6 5. Nf3 Nf6 6. e4 Bg4 7. Be3 Na5 8. d5 e6
9. h3 Bxf3 10. Qxf3 exd5 11. exd5 Bb4 12. Rd1 O-O 13. Be2 b5 14. O-O Rb8 15.
axb5 axb5 16. Bd4 Be7 17. Qg3 Nb3 18. Be5 Bd6 19. f4 Re8 20. Rfe1 Nc5 21. Kh1 b4
22. Nb1 Nce4 23. Qf3 Bxe5 24. fxe5 Rxe5 25. Bxc4 Qd6 26. Qf4 Rbe8 27. b3 Nh5 28.
Qxe4 Rxe4 0-1

[Event "Titled Tue 24th Jun Early"]
[Site "chess.com INT"]
[Date "2025.06.24"]
[Round "11"]
[White "Murawski, Jan"]
[Black "Yanev, Tihomir"]
[Result "0-1"]
[WhiteTitle "CM"]
[BlackTitle "IM"]
[WhiteElo "2164"]
[BlackElo "2354"]
[WhiteFideId "21009287"]
[BlackFideId "2910110"]
[EventDate "2025.06.24"]

1. c4 e5 2. Nc3 Nc6 3. Nf3 f5 4. d4 e4 5. d5 exf3 6. dxc6 fxg2 7. cxd7+ Qxd7 8.
Qxd7+ Bxd7 9. Bxg2 O-O-O 10. Bg5 Be7 11. Bxe7 Nxe7 12. O-O-O Bc6 13. Bxc6 Nxc6
14. e3 Ne5 15. Rxd8+ Rxd8 16. b3 Nd3+ 17. Kc2 Nxf2 18. Rf1 Ng4 19. Rf3 g6 20. h4
Ne5 21. Rf1 c6 22. e4 Rf8 23. exf5 Rxf5 24. Re1 Rf2+ 0-1

[Event "Titled Tue 24th Jun Early"]
[Site "chess.com INT"]
[Date "2025.06.24"]
[Round "11"]
[White "Pranav, V"]
[Black "Niemann, Hans Moke"]
[Result "1-0"]
[WhiteTitle "GM"]
[BlackTitle "GM"]
[WhiteElo "2595"]
[BlackElo "2736"]
[WhiteFideId "25060783"]
[BlackFideId "2093596"]
[EventDate "2025.06.24"]

1. e4 e5 2. Nf3 Nc6 3. Nc3 Nf6 4. Bb5 Bd6 5. d3 a6 6. Ba4 O-O 7. a3 Re8 8. O-O
Bf8 9. h3 h6 10. Re1 d6 11. Bxc6 bxc6 12. d4 exd4 13. Nxd4 c5 14. Nc6 Qd7 15.
Na5 g6 16. Qf3 Nh7 17. Bf4 Rb8 18. b3 Bg7 19. Rad1 Ng5 20. Bxg5 hxg5 21. Nd5 Re6
22. e5 Bxe5 23. Nc6 Qxc6 24. Nf6+ Rxf6 25. Qxc6 Bf5 26. Rxe5 1-0